| 000 | 00597nam a2200169 a 4500 | ||
|---|---|---|---|
| 008 | 120416s1986 ||||||||||||||||| || u | ||
| 020 | _a0471873241 | ||
| 050 | _aTP 155.7 Fel | ||
| 100 | _aFelder, Richard M | ||
| 245 | 1 | 0 | _aElementary principles of chemical processes. (2nd ed.) |
| 250 | _a2nd ed. | ||
| 260 |
_aNew York: _bJohn Wiley and Sons _c1986 |
||
| 300 | _axix, 668p. : ill. | ||
| 350 | _a0.00 | ||
| 650 | _aCHEMICAL PROCESSES | ||
| 995 |
_D0.00 _FCBU-MAIN LIBRARY (Kitwe) _H1 _I72.95 _UAVAILABLE _ZMain Library Open Access Collection |
||
| 999 |
_c41625 _d41625 |
||